Biện pháp quản lý đổi mới phương pháp dạy học tại các trường trung học cơ sở quận Thanh Khê thành phố Đà Nẵng
Cơ sở lý luận về quản lý đổi mới PPDH ở trường THCS. Thực trạng quản lý đổi mới PPDH tại các trường THCS quận Thanh Khê, thành phố Đà Nẵng. Biện pháp quản lý đổi mới PPDH tại các trường THCS quận Thanh Khê, thành phố Đà Nẵng theo tiếp cận quản lý sự thay đổi....
Tallennettuna:
| Päätekijä: | |
|---|---|
| Muut tekijät: | |
| Aineistotyyppi: | Kirja |
| Kieli: | Vietnamese |
| Julkaistu: |
Đà Nẵng
Đại học Đà Nẵng
2016
|
| Aiheet: | |
| Tagit: |
Lisää tagi
Ei tageja, Lisää ensimmäinen tagi!
|
| Thư viện lưu trữ: | Mạng thư viện Đại học Đà Nẵng |
|---|
| LEADER | 01934nam a2200361 4500 | ||
|---|---|---|---|
| 001 | 000023847 | ||
| 003 | 20300 | ||
| 005 | 20160329140333.0 | ||
| 008 | 160317s2016 viesd | ||
| 041 | |a vie | ||
| 082 | 1 | 4 | |a 373.236 |b LÊ-C |
| 100 | 1 | |a Lê Thị Hoàng Chinh | |
| 245 | 1 | |a Biện pháp quản lý đổi mới phương pháp dạy học tại các trường trung học cơ sở quận Thanh Khê thành phố Đà Nẵng |c Lê Thị Hoàng Chinh ; Bùi Việt Phú hướng dẫn. |k Luận văn Thạc sĩ | |
| 260 | |a Đà Nẵng |b Đại học Đà Nẵng |c 2016 | ||
| 300 | |a 98 tr. ; phụ lục 15 tr. |c 29 cm. |e Tóm tắt | ||
| 500 | |a Luận văn thạc sĩ. Chuyên ngành: Quản lý giáo dục. Mã số: 60.14.01.14 | ||
| 520 | 3 | |a Cơ sở lý luận về quản lý đổi mới PPDH ở trường THCS. Thực trạng quản lý đổi mới PPDH tại các trường THCS quận Thanh Khê, thành phố Đà Nẵng. Biện pháp quản lý đổi mới PPDH tại các trường THCS quận Thanh Khê, thành phố Đà Nẵng theo tiếp cận quản lý sự thay đổi. | |
| 650 | 0 | 4 | |a Giáo dục trung học |v Luận văn tốt nghiệp |x Phương pháp dạy học |x Nghiên cứu |z Đà Nẵng |
| 653 | |a Phương pháp dạy học | ||
| 653 | |a Giáo dục trung học | ||
| 653 | |a Quản lý giáo dục | ||
| 653 | |a Đổi mới phương pháp dạy học | ||
| 700 | 1 | |a Bùi Việt Phú |c TS. |e Hướng dẫn | |
| OWN | |a LSP | ||
| AVA | |a UDN50 |b LSP |d 373.236 LÊ-C |e available |t Error 5001 Not defined in file expand_doc_bib_avail. |f 1 |g 0 |h N |i 0 |k 1 | ||
| 999 | |a From the UDN01 | ||
| AVA | |a UDN50 |b LSP |d 373.236 LÊ-C |e available |t Error 5001 Not defined in file expand_doc_bib_avail. |f 1 |g 0 |h N |i 0 |k 1 | ||
| TYP | |a Monograph | ||
| TYP | |a Printed language | ||
| 980 | |a Mạng thư viện Đại học Đà Nẵng | ||